000 00689nam a2200217 a 4500
005 20220903164552.0
008 991125s1992 mx 000 0 spa u
020 _a9686026762
035 _aUPN01000039290
049 _aI
050 4 _aPZ83
_bN8.48
100 1 _aNunes, Lygia Bojunga,
_d1932-
_929721
245 1 0 _aMi amigo el pintor /
_cLygia Bojunga Nunes ; il. Arcadio Lobato ; tr. Mario Merlino.
260 _aMéxico :
_bAlfaguara :
_bSEP,
_c1992.
300 _a89 p. :
_bil.
440 0 _aJuvenil Alfaguara ;
_v138
534 _pTraducción de:
_tO meu amigo pintor
650 0 _aCuentos brasileños
_912674
650 4 _aLITERATURA INFANTIL BRASILEÑA
_911916
905 _aInfantil
999 _c39290
_d39290